000 00316nam a22001457a 4500
008 210304b ||||| |||| 00| 0 eng d
020 _a9780130168092
041 _aeng
080 _a338
082 _a338
100 _a53
101 _aMEN
245 _aManagement Accounting
_cAtkinson, A. A
942 _2udc
_cBK
999 _c55717
_d55717